हम क्यों मुसलमान हुए? / (Record no. 119099)

MARC details
000 -LEADER
fixed length control field 01100nam a22002537a 4500
005 - DATE AND TIME OF LATEST TRANSACTION
control field 20170124103127.0
010 ## - LIBRARY OF CONGRESS CONTROL NUMBER
LC control number B-138135
020 ## - INTERNATIONAL STANDARD BOOK NUMBER
Terms of availability 90.00
035 ## - SYSTEM CONTROL NUMBER
System control number B-138135
037 ## - SOURCE OF ACQUISITION
Source of stock number/acquisition Cen Lib/Ret
040 ## - CATALOGING SOURCE
Original cataloging agency DPL
Language of cataloging HN
082 ## - DEWEY DECIMAL CLASSIFICATION NUMBER
Classification number 270
Item number फारूक
100 ## - MAIN ENTRY--PERSONAL NAME
Personal name फारूक, अब्दुल गनी
9 (RLIN) 83339
245 ## - TITLE STATEMENT
Title हम क्यों मुसलमान हुए? /
Statement of responsibility, etc अब्दुल गनी फारूक
246 ## - VARYING FORM OF TITLE
Title proper/short title Hum kyon musalman huye? /
Remainder of title by Abdul Gani Faruk
260 ## - PUBLICATION, DISTRIBUTION, ETC. (IMPRINT)
Place of publication, distribution, etc नयी दिल्ली
Name of publisher, distributor, etc मकतबा अल हसनात
Date of publication, distribution, etc 2004
270 ## - ADDRESS
Address 2241, कूचा चेलान, दरियागंज
City नयी दिल्ली
Postal code 110002
300 ## - PHYSICAL DESCRIPTION
Extent 255पृ.
Dimensions 21सेमी (सजिल्द)
650 ## - SUBJECT ADDED ENTRY--TOPICAL TERM
Topical term or geographic name as entry element धर्म--मुस्लिम धर्म
9 (RLIN) 83340
650 ## - SUBJECT ADDED ENTRY--TOPICAL TERM
Topical term or geographic name as entry element धार्मिक निबंध--आलोचना
9 (RLIN) 1886
650 ## - SUBJECT ADDED ENTRY--TOPICAL TERM
Topical term or geographic name as entry element Religion--Muslim religion
9 (RLIN) 83341
650 ## - SUBJECT ADDED ENTRY--TOPICAL TERM
Topical term or geographic name as entry element Religious Essay--Criticism
9 (RLIN) 83342
942 ## - ADDED ENTRY ELEMENTS (KOHA)
Source of classification or shelving scheme Dewey Decimal Classification
Koha item type Hindi Books
Classification part 270
Call number suffix फारुक
Holdings
Withdrawn status Lost status Damaged status Not for loan Home library Current library Date acquired Source of acquisition Cost, normal purchase price Total Checkouts Full call number Barcode Date last seen Copy number Cost, replacement price Price effective from Koha item type
        Central Library Central Library 15/09/2015 Cen Lib/Ret 90.00   270 फारूक B-138135 15/09/2015 1 90.00 15/09/2015 Hindi Books

© Delhi Public Library
Hit Counter
free hit counter